| 000 | 01005nam0a22002651 4500 | ||
|---|---|---|---|
| 001 | rc\3651725 | ||
| 005 | 20250610091513.0 | ||
| 021 |
_aRU _b[69-91517] |
||
| 035 | _a(NLR Aleph) 007833897 | ||
| 090 |
_a9758743 _c9758743 |
||
| 100 | _a20130115d1969 |||y0rusy50 ca | ||
| 101 | 0 | _arus | |
| 102 | _aRU | ||
| 105 | _aa z ||||| | ||
| 200 | 1 |
_aФизико-химические методы анализа _eУчеб. пособие для студентов хим.-технол. фак. _fМ-во высш. и сред. спец. образования СССР. Моск. ин-т нефтехим. и газовой пром-сти им. И.М. Губкина |
|
| 210 |
_aМосква _cБ. и. _d1969 |
||
| 215 |
_a138 с. _cил. _d21 |
||
| 606 |
_aФизико-химический анализ _2psbo |
||
| 700 | 1 |
_aМочалов _bП.В. |
|
| 701 | 1 |
_aТабунченко _bВ.В. |
|
| 801 | 0 |
_aRU _bNLR _gpsbo |
|
| 801 | 1 |
_aRU _bELAR _2rusmarc |
|
| 852 |
_aNLR _j69-5/5275 |
||
| 942 | _cBOOK | ||
| 980 | _aNB | ||